Tamil Film by Picture #2 (Kollywood) - Statistics

General Stats
  • This quiz has been taken 249 times
  • The average score is 15 of 20
Answer Stats
Picture Answer % Correct
Leo
94%
Bigil
93%
Greatest Of All Time
93%
Thuppakki
93%
Dragon
89%
Ghilli
88%
Indian 2: Zero Tolerance
88%
Jailer
88%
Kaithi
85%
Puli
84%
Chandramukhi
82%
Good Bad Ugly
82%
Retro
78%
Jeans
72%
Kanguva
70%
Padayappa
67%
Vishwaroopam
61%
Roja
58%
Hey Ram
42%
Dheena
38%
No matching quizzes found
Score Distribution
Percent of People with Each Score
Percentile by Number Answered
Your Score History
You have not taken this quiz